000 00245nam a2200097Ia 4500
008 230907s9999||||xx |||||||||||||| ||und||
082 _a629.8,COO
245 0 _aCoordination control of distributed systems/
300 _axix, 398 p.:
942 _cBK
999 _c597630
_d597630